000 00812nam a2200229Ii 4500
003 JO-AjNU
005 20260414054824.0
008 230605s9999||||xx |||||||||||||| ||und||
017 _a1986/3/111
040 _aJO-AjNU
_bara
_erda
_cJO-AjNU
041 _aara
050 1 4 _aDS154.55.H85 1986
100 3 _aالحسين بن طلال، ملك الأردن، 1952-1999 ؛ ترجمة غالب عارف طوقان,
_eauthor
_956059
245 0 0 _aمخرج/بموجب مستند اخراجات الكتب رقم70
264 3 1 _aفرنسا: فريدون، 1986
300 _a310ص
336 _atext
_btxt
_2rdacontent
337 _aunmediated
_bn
_2rdamedia
338 _avolume
_bnc
_2rdacarrier
650 4 _aالاردن - تاريخ الحسين بن طلال 1952 - 1999- تراجم
_956060
942 _2lcc
_cREF
999 _c28610
_d28610